Państwa Świata w 5 minut - Statystyki

Ogólne statystyki
  • Ten quiz został rozwiązany 496 razy
  • Średni wynik to 117 z 196
Odpowiedzi na mapie
Odpowiedzi zakodowano w zielono-czerwonej skali na mapie do tego quizu, zgodnie z poniższymi procentami.
 
Statystyki odpowiedzi
Państwo % Poprawnych
Stany Zjednoczone
93%
Meksyk
91%
Polska
91%
Francja
89%
Kanada
89%
Niemcy
89%
Rosja
89%
Chiny
86%
Argentyna
84%
Brazylia
84%
Hiszpania
84%
Norwegia
84%
Portugalia
84%
Szwecja
84%
Wielka Brytania
84%
Peru
82%
Włochy
82%
Czechy
81%
Dania
81%
Egipt
81%
Japonia
81%
Turcja
81%
Ukraina
81%
Chile
79%
Estonia
79%
Indie
79%
Irlandia
79%
Islandia
79%
Kazachstan
79%
Litwa
79%
Łotwa
79%
Austria
77%
Białoruś
77%
Finlandia
77%
Irak
77%
Iran
77%
Republika Południowej Afryki
77%
Słowacja
77%
Australia
75%
Oman
75%
Jemen
74%
Kolumbia
74%
Mongolia
74%
Rumunia
74%
Szwajcaria
74%
Belgia
72%
Grecja
72%
Madagaskar
72%
Słowenia
70%
Tajlandia
70%
Algieria
68%
Bośnia i Hercegowina
68%
Bułgaria
68%
Ekwador
68%
Haiti
68%
Maroko
68%
Panama
68%
Surinam
68%
Wenezuela
68%
Boliwia
67%
Dominika
67%
Holandia
67%
Indonezja
67%
Kuba
67%
Libia
67%
Urugwaj
67%
Węgry
67%
Arabia Saudyjska
65%
Chorwacja
65%
Demokratyczna Republika Konga
65%
Niger
65%
Nikaragua
65%
Paragwaj
65%
Serbia
65%
Dominikana
63%
Gujana
63%
Jamajka
63%
Katar
63%
Korea Południowa
63%
Laos
63%
Pakistan
63%
Sudan
63%
Uzbekistan
63%
Wietnam
63%
Afganistan
61%
Albania
61%
Andora
61%
Belize
61%
Cypr
61%
Izrael
61%
Korea Północna
61%
Malezja
61%
Mjanma
61%
Nigeria
61%
San Marino
61%
Tunezja
61%
Zjednoczone Emiraty Arabskie
61%
Filipiny
60%
Gwatemala
60%
Kostaryka
60%
Luksemburg
60%
Mołdawia
60%
Czad
58%
Kirgistan
58%
Kongo
58%
Liechtenstein
58%
Tadżykistan
58%
Turkmenistan
58%
Bahamy
56%
Bhutan
56%
Kosowo
56%
Liban
56%
Malediwy
56%
Monako
56%
Nowa Zelandia
56%
Papua-Nowa Gwinea
56%
Salwador
56%
Sri Lanka
56%
Watykan
56%
Armenia
54%
Czarnogóra
54%
Gwinea
54%
Macedonia Północna
54%
Mali
54%
Malta
54%
Syria
54%
Zambia
54%
Angola
53%
Brunei
53%
Etiopia
53%
Gruzja
53%
Jordania
53%
Kambodża
53%
Kuwejt
53%
Bahrajn
51%
Fidżi
51%
Grenada
51%
Honduras
51%
Nepal
51%
Togo
51%
Ghana
49%
Republika Środkowoafrykańska
49%
Azerbejdżan
47%
Barbados
47%
Benin
47%
Somalia
47%
Sudan Południowy
47%
Tajwan
47%
Bangladesz
46%
Palau
46%
Seszele
46%
Tuvalu
46%
Vanuatu
46%
Antigua i Barbuda
44%
Gwinea Równikowa
44%
Kenia
44%
Kiribati
44%
Liberia
44%
Mauretania
44%
Republika Zielonego Przylądka
44%
Saint Kitts i Nevis
44%
Saint Vincent i Grenadyny
44%
Samoa
44%
Trynidad i Tobago
44%
Botswana
42%
Gabon
42%
Gwinea Bissau
42%
Tanzania
42%
Tonga
42%
Zimbabwe
42%
Erytrea
40%
Mikronezja
40%
Saint Lucia
40%
Senegal
40%
Komory
39%
Lesotho
39%
Mauritius
39%
Namibia
39%
Wyspy Marshalla
39%
Wyspy Salomona
39%
Burundi
37%
Eswatini
37%
Gambia
37%
Nauru
37%
Singapur
37%
Uganda
37%
Kamerun
35%
Mozambik
35%
Burkina Faso
33%
Malawi
33%
Wyspy Świętego Tomasza i Książeca
33%
Wybrzeże Kości Słoniowej
32%
Rwanda
30%
Sierra Leone
28%
Timor Wschodni
28%
Dżibuti
25%
Nie znaleziono quizów pasujących do podanych kryteriów
Rozkład punktacji
Procent ludzi z każdym wynikiem
Percentyl według liczby udzielonych odpowiedzi
Twoja historia wyników
Nie rozwiązałeś tego quizu